000 00956nam a22002417a 4500
005 20090706121341.0
008 090706t xxu||||| |||| 00| 0 eng d
010 _aENG-94318
020 _a9788184501544
_c900.00
035 _aEN-77851
037 _bDBAD / PUB
040 _adpl
_bEnglish
082 _a658.15
100 _aSehrawat, Madhu
245 _aEVA and performance measurement:
_cby Madhu Sehrawat
_btext and case studies of Indian companies /
260 _aNew Delhi
_bDeep & Deep Publications
_c2009
270 _aF-159, Rajouri Garden,
_bNew Delhi
_e110027
300 _axi, 258p.
_c23cm(Hb)
500 _aIncludes bibliographical references and index
650 _aEconomic value added
_xManagement
942 _2ddc
_cEN
_mSEH
_h658.15
999 _c28066
_d28066